Mezinárodní vztahy

Enregistré dans:
Détails bibliographiques
Auteur principal: Soják, Vladimír
Format: Livre
Langue:tchèque
Publié: Praha Státní pedagogické nakladatelství 1981
Collection:Učebnice pro vysoké školy
Tags: Ajouter un tag
Pas de tags, Soyez le premier à ajouter un tag!

MARC

LEADER 00000nam a2200000 4500
001 c141200
005 20041019155321.2
041 0 |a cze 
044 |a CZ 
245 1 0 |a Mezinárodní vztahy  |c Vladimír Soják 
264 1 |a Praha  |b Státní pedagogické nakladatelství  |c 1981 
300 |a 258 s. 
490 1 |a Učebnice pro vysoké školy 
830 0 |a Učebnice pro vysoké školy 
100 1 |a Soják, Vladimír